| 000 | 00538 a2200169 4500 | ||
|---|---|---|---|
| 003 | Nust | ||
| 005 | 20170207153514.0 | ||
| 040 | _cNust | ||
| 082 | _a954 | ||
| 100 | _aBurt, Michael | ||
| 245 |
_aLean Brown Men _cMichael Burt |
||
| 260 |
_aLondon _bWard Lock |
||
| 300 | _a314:p | ||
| 505 | _aForeword by Field Marshal the Lord Birdwood (Page-9) Moonrise at Fort Marjorie(Page-15) Mubarak Day (Page-115) Adrians Dream (Page-175) The Bent Banana (Page-207) Bumph (Page-259) | ||
| 538 | _aAlmirah No.62 Shelf No.2 | ||
| 650 | _aIndian History | ||
| 942 |
_2ddc _cBK |
||
| 999 |
_c187499 _d187499 |
||